অগ্নিরথ / (Record no. 6042)
[ view plain ]
| 000 -LEADER | |
|---|---|
| fixed length control field | 00615nam a22001937a 4500 |
| 003 - CONTROL NUMBER IDENTIFIER | |
| control field | BUBTL |
| 008 - FIXED-LENGTH DATA ELEMENTS--GENERAL INFORMATION | |
| fixed length control field | 190508b xxu||||| |||| 00| 0 eng d |
| 020 ## - INTERNATIONAL STANDARD BOOK NUMBER | |
| International Standard Book Number | 81-7215-526-3 |
| 082 ## - DEWEY DECIMAL CLASSIFICATION NUMBER | |
| Classification number | 891.443 / MAO |
| 100 ## - MAIN ENTRY--PERSONAL NAME | |
| 9 (RLIN) | 2327 |
| Personal name | মজুমদার, সমরেশ |
| 245 ## - TITLE STATEMENT | |
| Title | অগ্নিরথ / |
| Statement of responsibility, etc. | সমরেশ মজুমদার |
| 250 ## - EDITION STATEMENT | |
| Edition statement | 1st ed. |
| 260 ## - PUBLICATION, DISTRIBUTION, ETC. (IMPRINT) | |
| Place of publication, distribution, etc. | কলকাতা : |
| Name of publisher, distributor, etc. | আনন্দ, |
| Date of publication, distribution, etc. | c2000 |
| 300 ## - PHYSICAL DESCRIPTION | |
| Extent | 389 p. : |
| Dimensions | 24 cm. |
| 650 #0 - SUBJECT ADDED ENTRY--TOPICAL TERM | |
| 9 (RLIN) | 1689 |
| Topical term or geographic name as entry element | বাংলা সাহিত্য |
| 856 ## - ELECTRONIC LOCATION AND ACCESS | |
| Password | 0 |
| Logon | 0 |
| Link text | Download |
| 942 ## - ADDED ENTRY ELEMENTS (KOHA) | |
| Source of classification or shelving scheme | |
| Koha item type | Books |
| Withdrawn status | Lost status | Source of classification or shelving scheme | Damaged status | Not for loan | Collection code | Permanent location | Current location | Shelving location | Date acquired | Inventory number | Total Checkouts | Total Renewals | Full call number | Barcode | Date last seen | Date last checked out | Copy number | Price effective from | Koha item type |
|---|---|---|---|---|---|---|---|---|---|---|---|---|---|---|---|---|---|---|---|
| Fiction | Bangladesh University of Business and Technology Library | Bangladesh University of Business and Technology Library | Fiction | 10/10/2016 | 22394 | 5 | 4 | 891.443 / MAO | BUBTL-200322394 | 10/18/2023 | 10/12/2023 | C-1 | 05/08/2019 | Books | |||||
| Fiction | Bangladesh University of Business and Technology Library | Bangladesh University of Business and Technology Library | Fiction | 10/10/2016 | 22393 | 5 | 1 | 891.443 / MAO | BUBTL-200322393 | 11/12/2023 | 10/30/2023 | C-2 | 10/26/2019 | Books |
